Medium term expenditure framework(MTEF) FOR 2018-2021. ( Office Of Government Machinery). Programme based budget estimates for 2018 (Record no. 965)
[ view plain ]
| 000 -LEADER | |
|---|---|
| fixed length control field | 00579nam a2200157Ia 4500 |
| 008 - FIXED-LENGTH DATA ELEMENTS--GENERAL INFORMATION | |
| fixed length control field | 240428s9999||||xx |||||||||||||| ||und|| |
| 041 ## - LANGUAGE CODE | |
| Language code of text/sound track or separate title | eng |
| 082 ## - DEWEY DECIMAL CLASSIFICATION NUMBER | |
| Classification number | MTEF/OGM/18 |
| 100 ## - MAIN ENTRY--PERSONAL NAME | |
| Personal name | Ministry of Finance |
| 245 #0 - TITLE STATEMENT | |
| Title | Medium term expenditure framework(MTEF) FOR 2018-2021. ( Office Of Government Machinery). Programme based budget estimates for 2018 |
| 260 ## - PUBLICATION, DISTRIBUTION, ETC. | |
| Name of publisher, distributor, etc. | Ministry of Finance |
| Place of publication, distribution, etc. | Accra |
| Date of publication, distribution, etc. | 2018 |
| 300 ## - PHYSICAL DESCRIPTION | |
| Extent | 93p; tabs. |
| 650 ## - SUBJECT ADDED ENTRY--TOPICAL TERM | |
| Topical term or geographic name entry element | Office of Government Machinery - Medium Term Expenditure Framework - programme based budget estimates for 2018 |
| 942 ## - ADDED ENTRY ELEMENTS (KOHA) | |
| Koha item type | Annual Estimates |
| Withdrawn status | Lost status | Damaged status | Not for loan | Home library | Current library | Shelving location | Date acquired | Total checkouts | Full call number | Date last seen | Copy number | Price effective from | Koha item type |
|---|---|---|---|---|---|---|---|---|---|---|---|---|---|
| Main Library | Main Library | Open Shelves | 30/03/2022 | MTEF/OGM/18/302 | 29/04/2024 | 1 | 29/04/2024 | Annual Estimates |